| 000 | 00829cab a2200241 4500 | ||
|---|---|---|---|
| 001 | X3373 | ||
| 008 | 090401t1996 xxu||||| |||| 00| 0 eng d | ||
| 035 | _a(Sirsi) u30051 | ||
| 041 | _aeng | ||
| 245 | _aIndustrial regions to get more EU aid | ||
| 260 | _c1996 | ||
| 350 | _a0 | ||
| 490 |
_aCSM (Chartered Surveyor Monthly) _v5(6) March 1996, 8(1) |
||
| 520 | _aEU industry ministers have agreed to keep the EU regional aid map unchanged until 1999, benefitting the UK where almost 18m people live in areas receiving aid under the Objective 2 Structural Fund. | ||
| 650 | _aEU FUNDING | ||
| 650 | _aOBJECTIVE 2 STRUCTURAL FUND | ||
| 650 | _aREGIONAL AID | ||
| 650 | _aURBAN REGENERATION | ||
| 690 | _aECONOMIC AND SOCIAL | ||
| 690 | _aPROPERTY-PROPERTY FINANCE AND INVESTMENT | ||
| 942 | _n0 | ||
| 948 | _c04/03/1997 | ||
| 999 |
_c20231 _d20231 |
||